000 00524nam a2200181Ia 4500
005 20250508151503.0
008 008 250505s9999 xx 000 0 eng d
037 _aTextual
040 _aFEDL
_beng
_cFEDL
041 _aeng
_2eng
084 _a372.3, ARE
_qFEDL
100 _aArey Charles K
_9759252
245 0 _aScience experiences for elementary schools
260 _aNew York, USA
_bTeachers College, Columbia University
300 _a98p.
942 _cTEXL
_h372.3, ARE
999 _c1330121
_d1330121